Differential Equations (Record no. 996)

MARC details
000 -LEADER
fixed length control field 00353nam a2200145Ia 4500
008 - FIXED-LENGTH DATA ELEMENTS--GENERAL INFORMATION
fixed length control field 191201s2004 xx 000 0 und d
082 ## - DEWEY DECIMAL CLASSIFICATION NUMBER
Classification number 510
Item number PID
100 ## - MAIN ENTRY--PERSONAL NAME
Personal name PIAGGIO, H T H
245 #0 - TITLE STATEMENT
Title Differential Equations
250 ## - EDITION STATEMENT
Edition statement 1st
260 ## - PUBLICATION, DISTRIBUTION, ETC. (IMPRINT)
Place of publication, distribution, etc N.Delhi
Name of publisher, distributor, etc CBS Publishers and Distributor
Date of publication, distribution, etc 2004
300 ## - PHYSICAL DESCRIPTION
Extent 256
650 ## - SUBJECT ADDED ENTRY--TOPICAL TERM
Topical term or geographic name as entry element B.Tech(CSE)
942 ## - ADDED ENTRY ELEMENTS (KOHA)
Source of classification or shelving scheme Dewey Decimal Classification
Koha item type Text Books
Holdings
Withdrawn status Lost status Source of classification or shelving scheme Damaged status Not for loan Collection code Home library Current library Date acquired Source of acquisition Cost, normal purchase price Bill Number Total Checkouts Full call number Acc. no. / Barcode Date last seen Date last borrowed Bill Date Koha item type
    Dewey Decimal Classification     Applied Sc. PIET C-LIBRARY PIET C-LIBRARY 09/08/2005 UDH, Delhi 100.00 CM 4732 1 510 PID 1022 09/11/2023 07/11/2023 22/08/2005 Text Books
    Dewey Decimal Classification     Applied Sc. PIET C-LIBRARY PIET C-LIBRARY 09/08/2005 UDH, Delhi 100.00 CM 4732 1 510 PID 1023 23/01/2024 23/01/2024 22/08/2005 Text Books
    Dewey Decimal Classification     Applied Sc. PIET C-LIBRARY PIET C-LIBRARY 09/08/2005 UDH, Delhi 100.00 CM 4732   510 PID 1024 04/12/2019   22/08/2005 Text Books
    Dewey Decimal Classification     Applied Sc. PIET C-LIBRARY PIET C-LIBRARY 09/08/2005 UDH, Delhi 100.00 CM 4732 1 510 PID 1025 26/03/2025 13/03/2025 22/08/2005 Text Books

Design & Developed by: PIET Central Library
R70 Miles Stone Pattikalyana Samalkha Panipat 132102
mail ID :- [email protected], Phone No:- 0180-2569700 Ex.216